00389nam a2200133Ia 4500008004100000020001800041040001300059082001600072100002400088245004300112260004000155300001200195650004800207191130s2010##################000#0#eng## a9788131307373 aACLcACL a372.334 PAN aPanner Selvam, S. K aComputer educationcPanner Selvam S. K aNew DelhibA. P. H. Pub. Corpc2010 a294 p.  aComputer Education - Elementenary Education